[Event "Frankfurt-chB"]
[Site "Frankfurt"]
[Date "2019.05.13"]
[Round "3"]
[White "Nebel, Marcel"]
[Black "Droeser, Wolfgang"]
[Result "1/2-1/2"]
[WhiteElo "1309"]
[BlackElo "1276"]
[PlyCount "77"]
[EventDate "2019.04.29"]
[EventType "swiss"]
[EventRounds "7"]
[EventCountry "GER"]
[SourceTitle "EXT 2020"]
[Source "ChessBase"]
[SourceDate "2019.10.17"]
[SourceVersion "1"]
[SourceVersionDate "2019.10.17"]
[SourceQuality "1"]

1. d4 f5 2. c4 Nf6 3. Nc3 e6 4. Bg5 Be7 5. Nf3 d6 6. e3 0-0 7. Be2 Qe8 8. 0-0 b6 9. d5 e5 10. Qc2 Na6 11. Rfe1 e4 12. Nd2 Nc5 13. f3 Qg6 14. Bxf6 Rxf6 15. fxe4 f4 16. exf4 Rxf4 17. Bf3 Rf7 18. Kh1 Bf6 19. Ne2 Be5 20. Nf1 Bh3 21. Neg3 Raf8 22. Rac1 Bg4 23. Bxg4 Qxg4 24. b4 Rf2 25. Qd1 Qxd1 26. Rcxd1 Nd7 27. Re2 Bxg3 28. Nxg3 R2f4 29. Kg1 Ne5 30. Rc2 Ng4 31. Rc3 Nf6 32. Re3 Ng4 33. Re2 Nf2 34. Rf1 Nd3 35. Rxf4 Rxf4 36. b5 Ne5 37. Rc2 g6 38. Nf1 Rxe4 39. Nd2 1/2-1/2

[Event "Frankfurt-chB"]
[Site "Frankfurt"]
[Date "2017.05.29"]
[Round "6"]
[White "Nebel, Marcel"]
[Black "Giebitz, Walter"]
[Result "1-0"]
[WhiteElo "1191"]
[BlackElo "1212"]
[PlyCount "79"]
[EventDate "2017.04.24"]
[EventType "swiss"]
[EventRounds "7"]
[EventCountry "GER"]
[SourceTitle "EXT 2018"]
[Source "ChessBase"]
[SourceDate "2017.10.13"]
[SourceVersion "1"]
[SourceVersionDate "2017.10.13"]
[SourceQuality "1"]

1. d4 d5 2. c4 Nf6 3. Nc3 e6 4. Nf3 Nc6 5. Bg5 Be7 6. e3 0-0 7. Bd3 h6 8. Bf4 Nb4 9. Be2 c5 10. dxc5 dxc4 11. Bd6 Nfd5 12. a3 Nxc3 13. bxc3 Nd5 14. Bxc4 Bxd6 15. cxd6 Qa5 16. Bxd5 Qxc3+ 17. Ke2 Qb2+ 18. Nd2 exd5 19. Qa4 Rd8 20. Rab1 Qe5 21. Nf3 Qxd6 22. Rhd1 b6 23. Kf1 Bg4 24. Qxg4 Rac8 25. Qa4 Rd7 26. e4 Rc4 27. Rb4 Rc5 28. Rbd4 Rdc7 29. Rxd5 Rxd5 30. exd5 Rc5 31. Qe8+ Qf8 32. Qxf8+ Kxf8 33. d6 Ke8 34. Ke2 Kd7 35. Ke3 Rc3+ 36. Ke4 Rxa3 37. Ne5+ Ke6 38. d7 Ra4+ 39. Ke3 Ra3+ 40. Ke2 1-0

[Event "Frankfurt-chB"]
[Site "Frankfurt"]
[Date "2017.04.24"]
[Round "1"]
[White "Nebel, Marcel"]
[Black "Baer, Christian"]
[Result "0-1"]
[WhiteElo "1191"]
[BlackElo "1469"]
[PlyCount "38"]
[EventDate "2017.04.24"]
[EventType "swiss"]
[EventRounds "7"]
[EventCountry "GER"]
[SourceTitle "EXT 2018"]
[Source "ChessBase"]
[SourceDate "2017.10.13"]
[SourceVersion "1"]
[SourceVersionDate "2017.10.13"]
[SourceQuality "1"]

1. d4 Nf6 2. c4 e6 3. Nf3 d5 4. Nc3 c5 5. Bg5 Be7 6. e3 Nbd7 7. Be2 dxc4 8. Bxc4 0-0 9. 0-0 b6 10. Bf4 Bb7 11. Re1 Ne4 12. Ne5 Nxe5 13. Bxe5 Rc8 14. Qg4 Nf6 15. Qg3 cxd4 16. exd4 Rxc4 17. Rad1 Qd7 18. Re4 Rxc3 19. bxc3 Bxe4 0-1

[Event "Frankfurt-chB"]
[Site "Frankfurt"]
[Date "2016.06.13"]
[Round "7"]
[White "Brunner, Andreas"]
[Black "Nebel, Marcel"]
[Result "1-0"]
[WhiteElo "1300"]
[BlackElo "1210"]
[PlyCount "103"]
[EventDate "2016.04.25"]
[EventType "swiss"]
[EventRounds "9"]
[EventCountry "GER"]
[SourceTitle "EXT 2018"]
[Source "ChessBase"]
[SourceDate "2017.10.13"]
[SourceVersion "1"]
[SourceVersionDate "2017.10.13"]
[SourceQuality "1"]

1. d4 d5 2. e3 Nf6 3. c4 e6 4. Nc3 c5 5. Nf3 cxd4 6. exd4 Nc6 7. a3 h6 8. c5 Bd7 9. Be2 b6 10. cxb6 Qxb6 11. 0-0 Be7 12. Rb1 0-0 13. b4 Rac8 14. Be3 a5 15. Na4 Qa7 16. b5 Nd8 17. b6 Qb7 18. Nc5 Bxc5 19. dxc5 Ne4 20. Rc1 Bc6 21. a4 Qd7 22. Ne5 Qe7 23. f3 Ng5 24. Bd3 Nb7 25. h4 Nh7 26. Ba6 Be8 27. c6 Qd6 28. Bxb7 Qxe5 29. Bd4 Qb8 30. Bxc8 Qxc8 31. Qc2 f6 32. c7 Bd7 33. Ra1 e5 34. Bc5 Re8 35. Qd2 Qb7 36. Qxa5 e4 37. Qa7 Qc6 38. b7 Qxc7 39. b8Q Qxb8 40. Qxd7 Rd8 41. Qe6+ Kh8 42. Rfb1 Qa8 43. Qf7 exf3 44. Rb7 Rg8 45. gxf3 Qc8 46. Qxd5 Qh3 47. Bf2 Qc8 48. Rab1 Nf8 49. Bg3 Qh3 50. Kf2 g5 51. Qf7 gxh4 52. Qxf6+ 1-0